| 000 | 00719nam a2200229 u 4500 | ||
|---|---|---|---|
| 001 | 000025536 | ||
| 005 | 20200930023847.0 | ||
| 008 | 110217s1969 mx a r 000 0 spa d | ||
| 040 |
_aDO-SdBNP _bspa _cBNPHU |
||
| 041 | 1 | 7 |
_aspa _heng _2Código de idiomas MARC |
| 082 |
_ann* _bnn* |
||
| 100 | 1 |
_aSilverberg, Robert. _945056 |
|
| 240 | 1 | 0 |
_aLight of the world. _lEspañol |
| 245 | 1 | 0 |
_aLuz para el mundo / _cRobert Silverberg ; traducción de Pilar Angulo. |
| 260 |
_aMéxico, D. F. : _bDiana, _c1969. |
||
| 300 |
_a301 p. : _bil. ; _c18 cm. |
||
| 490 | 1 |
_aModerna. _v126 |
|
| 534 |
_aTítulo original : _tLight of the world |
||
| 700 | 1 |
_aAngulo, Pilar, _etr. _950086 |
|
| 830 | 0 |
_aModerna _v126 _946958 |
|
| 049 | _aBNGR | ||
| 999 |
_c25028 _d25028 |
||